LEADER 01314nam a2200289 i 4500 001 000000151757 003 CaOOAMICUS 005 20060711000000.0 008 060711s1978 it u000 u ita u 013 $a129096 040 $aSeMil$bita 100 1 $aBotto, Evandro.$0(OLS)http://semarc/name/6911 245 10$aIn rivolta contro i maestri-padroni :$bi Nouveaux Philosophes /$cE. Botto, F. Botturi, M. Lenoci. 260 $aMilano :$bVita e Pensiero,$ccopyr. 1978. 300 $a242 p. ;$c20 cm. 490 0 $aFilosofia e scienze umane ;$v18 500 $aContiene : Nota bibliografica. 650 4$aFilosofia francese - 1968-1977.$0(OLS)http://semarc/subject/27551 700 1 $aLenoci, Michele.$0(OLS)http://semarc/name/55804 700 1 $aBotturi, Francesco,$d<1947- >.$0(OLS)http://semarc/name/308 700 1 $aBausola, Adriano,$d<1930-2000>.$0(OLS)http://semarc/name/2895 830 0$aFilosofia e scienze umane ;$v18.$0(OLS)http://semarc/title/6992 850 $aSeMil 852 $aSeMil$W1$xVenegono$y1$m2P I 667 =$j103740$B103740$CSeMilBibl$Z2$F113759 $81 961 $aLascito: Gogna prof.ssa Silvia 996 $6245$aIn rivolta contro i maestri-padroni :$bi Nouveaux Philosophes$9(OLS)http://semarc/title/221782 996 $6260$aMilano :$bVita e Pensiero$9(OLS)http://semarc/publisher/29642 LEADER 01158nam a2200241 i 4500 001 000000118714 003 CaOOAMICUS 005 20040510000000.0 008 040510s1951 it u000 u ita u 013 $a91407 040 $aSeMil$bita 100 1 $aGalbiati, Giovanni,$c.$0(OLS)http://semarc/name/1900 245 10$aItinerario per il visitatore della Biblioteca Ambrosiana, della Pinacoteca e dei monumenti annessi /. 260 $aMilano :$bBiblioteca Ambrosiana,$c1951. 300 $a358 p., 27 c. di tav., 34 ill., 6 planimetrie ;$c22 cm. 500 $aContiene : Indice analitico. 650 4$aMilano - Biblioteca Ambrosiana.$0(OLS)http://semarc/subject/12981 650 4$aMilano - Pinacoteca Ambrosiana.$0(OLS)http://semarc/subject/6531 850 $aSeMil 852 $aSeMil$W1$xVenegono$y1$m3O III 198$j74004$B74004$CSeMilBibl$Z2$F76530 $81 961 $aOmaggio: Dossena mons. Tranquillo 996 $6245$aItinerario per il visitatore della Biblioteca Ambrosiana, della Pinacoteca e dei monumenti annessi$9(OLS)http://semarc/title/174420 996 $6260$aMilano :$bBiblioteca Ambrosiana$9(OLS)http://semarc/publisher/29741